| 000 | 00642nam#a2200241#c#4500 | ||
|---|---|---|---|
| 003 | IEF | ||
| 005 | 20180219150616.0 | ||
| 008 | 941205s1987 CAN####fr####| 0||u|ENG|u | ||
| 020 | _a0660123037 | ||
| 040 | _aIEF | ||
| 041 | _aENG | ||
| 110 | 2 |
_aEconomic Council of Canada _932860 |
|
| 245 | _aRoad map for tax reform : The taxation of savings and investment | ||
| 260 |
_a[Ottawa _b Minister of Supply and Services _c1987 |
||
| 300 |
_aX, 54 p. _b gráf. _c 27 cm. |
||
| 500 | _aBibliografía | ||
| 650 | 4 |
_aIMPUESTOS _947460 |
|
| 650 | 4 |
_aCANADA _933508 |
|
| 650 | 4 |
_aREFORMA _910750 |
|
| 942 | _cLIB | ||
| 942 | _z33978 | ||
| 999 |
_c8942 _d8942 |
||